[Event "ROM-ch U16"]
[Site "Calimanesti"]
[Date "2018.04.03"]
[Round "9"]
[White "Toma, Mihai Iulian"]
[Black "Suliman, Reis"]
[Result "1-0"]
[WhiteElo "1597"]
[BlackElo "1055"]
[PlyCount "79"]
[EventDate "2018.03.27"]
[EventType "swiss"]
[EventRounds "9"]
[EventCountry "ROU"]
[SourceTitle "CBM 183 Extra"]
[Source "ChessBase"]
[SourceDate "2018.04.19"]
[SourceVersion "1"]
[SourceVersionDate "2018.04.19"]
[SourceQuality "1"]

1. e4 e5 2. Nf3 Nc6 3. Bc4 h6 4. 0-0 Nf6 5. d3 Bc5 6. c3 d6 7. h3 a6 8. Nbd2 0-0 9. Re1 d5 10. exd5 Nxd5 11. Nxe5 Nxe5 12. Rxe5 Be6 13. d4 Bb6 14. Bb3 c6 15. Nf3 Nc7 16. Bd2 Bxb3 17. Qxb3 Ne6 18. Rae1 Bc7 19. R5e2 b5 20. Qc2 Bf4 21. Qe4 Bxd2 22. Rxd2 Rc8 23. d5 cxd5 24. Rxd5 Qf6 25. Red1 Rfd8 26. Rxd8+ Rxd8 27. Rxd8+ Qxd8 28. Nd4 Nxd4 29. cxd4 Qf6 30. Kf1 Qd6 31. Ke2 Qe6 32. Qxe6 fxe6 33. Ke3 Kf7 34. Ke4 Kf6 35. b4 h5 36. h4 g6 37. g3 Ke7 38. Ke5 Kf7 39. d5 exd5 40. Kxd5 1-0

[Event "ROM-ch U16"]
[Site "Calimanesti"]
[Date "2018.03.31"]
[Round "6"]
[White "Toma, Mihai Iulian"]
[Black "Butusina, Samuel"]
[Result "1/2-1/2"]
[WhiteElo "1597"]
[BlackElo "1809"]
[PlyCount "66"]
[EventDate "2018.03.27"]
[EventType "swiss"]
[EventRounds "9"]
[EventCountry "ROU"]
[SourceTitle "CBM 183 Extra"]
[Source "ChessBase"]
[SourceDate "2018.04.19"]
[SourceVersion "1"]
[SourceVersionDate "2018.04.19"]
[SourceQuality "1"]

1. d4 Nf6 2. c4 c5 3. e3 cxd4 4. exd4 d5 5. Nf3 Nc6 6. cxd5 Nxd5 7. Nc3 Bg4 8. Bb5 Rc8 9. 0-0 e6 10. a3 Be7 11. h3 Bxf3 12. Qxf3 Nb6 13. Be3 0-0 14. Rad1 a6 15. Bxc6 bxc6 16. Qe2 a5 17. Rc1 Nd5 18. Nxd5 cxd5 19. Rxc8 Qxc8 20. Rc1 Qb7 21. Qd2 Qb6 22. Bf4 a4 23. Qc3 Bf6 24. Be3 h6 25. Rc2 Rb8 26. Qd2 Qb3 27. Bf4 Rb7 28. Be3 Qa2 29. Qc1 Rb3 30. Qd2 Qb1+ 31. Kh2 Qf1 32. Rc8+ Kh7 33. Qc2+ g6 1/2-1/2

[Event "ROM-ch U16"]
[Site "Calimanesti"]
[Date "2018.03.29"]
[Round "4"]
[White "Toma, Mihai Iulian"]
[Black "Jumbei, Nicolae"]
[Result "1/2-1/2"]
[WhiteElo "1597"]
[BlackElo "1434"]
[PlyCount "44"]
[EventDate "2018.03.27"]
[EventType "swiss"]
[EventRounds "9"]
[EventCountry "ROU"]
[SourceTitle "CBM 183 Extra"]
[Source "ChessBase"]
[SourceDate "2018.04.19"]
[SourceVersion "1"]
[SourceVersionDate "2018.04.19"]
[SourceQuality "1"]

1. e4 e5 2. Nf3 Nc6 3. Bc4 h6 4. d3 Nf6 5. c3 a6 6. Nbd2 d6 7. 0-0 Bg4 8. Re1 Be7 9. h3 Bh5 10. Nf1 d5 11. exd5 Nxd5 12. Ng3 Bxf3 13. Qxf3 Nf6 14. Bb3 Qd7 15. Ba4 0-0-0 16. Bc2 Kb8 17. Be3 Qd5 18. Qxd5 Nxd5 19. Rad1 Nxe3 20. Rxe3 Bc5 21. Ree1 g6 22. Ne4 Be7 1/2-1/2

[Event "Miercurea Ciuc Bancpost op 20th"]
[Site "Miercurea Ciuc"]
[Date "2017.08.23"]
[Round "7"]
[White "Csavlovics, Jozsef"]
[Black "Toma, Mihai Iulian"]
[Result "1-0"]
[WhiteElo "1515"]
[BlackElo "1619"]
[PlyCount "133"]
[EventDate "2017.08.17"]
[EventType "swiss"]
[EventRounds "9"]
[EventCountry "ROU"]
[SourceTitle "EXT 2020"]
[Source "ChessBase"]
[SourceDate "2019.10.17"]
[SourceVersion "1"]
[SourceVersionDate "2019.10.17"]
[SourceQuality "1"]

1. e4 c6 2. d4 d5 3. exd5 cxd5 4. c4 Nf6 5. Nc3 Nc6 6. c5 Bf5 7. Bd3 Bg6 8. Bxg6 hxg6 9. Nf3 Qc7 10. a3 e6 11. g3 Nh5 12. Be3 Be7 13. b4 a6 14. Qd3 Qd7 15. Rb1 0-0 16. 0-0 Nf6 17. Rfe1 Rfc8 18. Rb2 Bd8 19. Kg2 Bc7 20. h3 Nd8 21. Bd2 Qe7 22. Bg5 Qd7 23. Bc1 Qe7 24. Rbe2 Nc6 25. Ng5 Qd7 26. f3 Nh7 27. h4 Nxg5 28. hxg5 Ne7 29. f4 Nc6 30. g4 Re8 31. Rh1 b6 32. Qh3 Kf8 33. Qh8+ Ke7 34. Qxg7 Kd8 35. Rh8 Ne7 36. Kf3 Rxh8 37. Qxh8+ Qe8 38. Qf6 Kc8 39. f5 gxf5 40. gxf5 Bd8 41. fxe6 Nc6 42. exf7 Nxd4+ 43. Qxd4 Qxf7+ 44. Qf4 Qh7 45. Qg4+ Kb7 46. g6 Qh1+ 47. Rg2 Qf1+ 48. Rf2 Qh1+ 49. Ke2 Bc7 50. Bf4 Re8+ 51. Kd3 Qe1 52. Re2 Rxe2 53. Qxe2 Qh4 54. Bxc7 Qc4+ 55. Kd2 Qd4+ 56. Qd3 Qf2+ 57. Kc1 d4 58. cxb6 Qe1+ 59. Kc2 dxc3 60. Qxc3 Qe4+ 61. Qd3 Qc6+ 62. Kb3 Qe6+ 63. Ka4 Qc6+ 64. b5 axb5+ 65. Kb4 Qg2 66. Be5 Qg4+ 67. Kxb5 1-0

[Event "Miercurea Ciuc Bancpost op 20th"]
[Site "Miercurea Ciuc"]
[Date "2017.08.22"]
[Round "6"]
[White "Toma, Mihai Iulian"]
[Black "Wunder, Tamas Gabor"]
[Result "1/2-1/2"]
[WhiteElo "1619"]
[BlackElo "1643"]
[PlyCount "110"]
[EventDate "2017.08.17"]
[EventType "swiss"]
[EventRounds "9"]
[EventCountry "ROU"]
[SourceTitle "EXT 2020"]
[Source "ChessBase"]
[SourceDate "2019.10.17"]
[SourceVersion "1"]
[SourceVersionDate "2019.10.17"]
[SourceQuality "1"]

1. e4 c6 2. Nf3 d5 3. exd5 cxd5 4. d4 Nf6 5. Nc3 a6 6. Bg5 Bf5 7. Bd3 Bxd3 8. Qxd3 e6 9. 0-0 Be7 10. Rfe1 0-0 11. Ne5 Nbd7 12. Qg3 Ne8 13. Nxd7 Qxd7 14. Bxe7 Qxe7 15. Nxd5 Qd8 16. Nc3 g6 17. Rad1 Qb8 18. Qxb8 Rxb8 19. d5 exd5 20. Nxd5 Kg7 21. Nb6 Nf6 22. Nd7 Nxd7 23. Rxd7 Rfd8 24. Ree7 Rxd7 25. Rxd7 b5 26. Kf1 Rc8 27. c3 Rc6 28. Ke2 h5 29. Kd3 Kf6 30. b3 Ke6 31. Rd4 f6 32. c4 bxc4+ 33. Rxc4 Rd6+ 34. Kc2 g5 35. Rc5 h4 36. b4 f5 37. a4 g4 38. b5 axb5 39. axb5 Rd4 40. b6 Rb4 41. Rc6+ Kd5 42. Rf6 Ke5 43. Kc3 Rb1 44. Rh6 Kf4 45. Rxh4 Rxb6 46. Rh5 Rd6 47. g3+ Ke4 48. Rh8 Kf3 49. Rf8 Kxf2 50. Rxf5+ Kg2 51. Rg5 Kxh2 52. Rxg4 Rf6 53. Kd4 Rf3 54. Rg6 Rxg3 55. Rxg3 Kxg3 1/2-1/2

[Event "Miercurea Ciuc Bancpost op 20th"]
[Site "Miercurea Ciuc"]
[Date "2017.08.20"]
[Round "4"]
[White "Toma, Mihai Iulian"]
[Black "Farcadi, Hunor"]
[Result "0-1"]
[WhiteElo "1619"]
[BlackElo "1939"]
[PlyCount "108"]
[EventDate "2017.08.17"]
[EventType "swiss"]
[EventRounds "9"]
[EventCountry "ROU"]
[SourceTitle "EXT 2020"]
[Source "ChessBase"]
[SourceDate "2019.10.17"]
[SourceVersion "1"]
[SourceVersionDate "2019.10.17"]
[SourceQuality "1"]

1. e4 c5 2. c4 e5 3. Nc3 Nc6 4. g3 g6 5. d3 d6 6. Nge2 Bg7 7. Bg2 Nge7 8. h3 0-0 9. 0-0 a6 10. a4 Be6 11. Be3 Nd4 12. Rc1 Rb8 13. Bxd4 exd4 14. Nd5 Bxd5 15. exd5 b5 16. axb5 axb5 17. b3 Qb6 18. Rb1 Ra8 19. Qc2 b4 20. Ra1 Ra5 21. Ra2 Rfa8 22. Rfa1 R8a6 23. Nc1 Bh6 24. Rxa5 Rxa5 25. Rxa5 Qxa5 26. Qa2 Qxa2 27. Nxa2 Nc8 28. h4 Nb6 29. f4 Na4 30. Kf2 Nc3 31. Nc1 f6 32. Kf3 Kf7 33. Bh3 f5 34. Bg2 Bf8 35. Bh3 h6 36. h5 Kf6 37. hxg6 Kxg6 38. Bf1 Be7 39. Be2 h5 40. Bf1 Nd1 41. Be2 Ne3 42. Na2 h4 43. gxh4 Bxh4 44. Nc1 Be1 45. Na2 Kh5 46. Nc1 Kh4 47. Na2 Kh3 48. Nc1 Kh2 49. Na2 Kg1 50. Nc1 Bd2 51. Na2 Ng2 52. Kg3 Nxf4 53. Bd1 Nxd3 54. Bc2 f4+ 0-1

[Event "Miercurea Ciuc Bancpost op 20th"]
[Site "Miercurea Ciuc"]
[Date "2017.08.17"]
[Round "1"]
[White "Muller, Wilhelm"]
[Black "Toma, Mihai Iulian"]
[Result "1/2-1/2"]
[WhiteElo "1947"]
[BlackElo "1619"]
[PlyCount "57"]
[EventDate "2017.08.17"]
[EventType "swiss"]
[EventRounds "9"]
[EventCountry "ROU"]
[SourceTitle "EXT 2020"]
[Source "ChessBase"]
[SourceDate "2019.10.17"]
[SourceVersion "1"]
[SourceVersionDate "2019.10.17"]
[SourceQuality "1"]

1. g3 e5 2. Bg2 d5 3. d3 h6 4. Nd2 Nf6 5. e4 d4 6. Ngf3 Bd6 7. Nc4 Nc6 8. 0-0 Be6 9. Nxd6+ Qxd6 10. Nh4 g5 11. Nf5 Bxf5 12. exf5 Nd5 13. a3 Nce7 14. Be4 Qf6 15. Qf3 0-0-0 16. Bd2 h5 17. c3 g4 18. Qg2 c6 19. c4 Nc7 20. f4 exf4 21. Bxf4 h4 22. b4 hxg3 23. Bxg3 Rh5 24. Qf2 Qg5 25. Rae1 f6 26. a4 Ne8 27. b5 Rh7 28. Qf4 Qxf4 29. Rxf4 1/2-1/2

[Event "ROM-ch U14"]
[Site "Calimanesti Caciulata"]
[Date "2016.04.23"]
[Round "7"]
[White "Cotruta, Alexandru Mihai"]
[Black "Toma, Mihai Iulian"]
[Result "1/2-1/2"]
[WhiteElo "1886"]
[BlackElo "1561"]
[PlyCount "76"]
[EventDate "2016.04.18"]
[EventType "swiss"]
[EventRounds "9"]
[EventCountry "ROU"]
[SourceTitle "CBM 172 Extra"]
[Source "ChessBase"]
[SourceDate "2016.06.21"]
[SourceVersion "1"]
[SourceVersionDate "2016.06.21"]
[SourceQuality "1"]

1. d4 d5 2. c4 c6 3. Nc3 Nf6 4. Bg5 e6 5. e3 dxc4 6. Bxc4 b5 7. Bd3 Bb7 8. Nf3 Nbd7 9. Ne5 Qc7 10. Nxd7 Nxd7 11. Rc1 Bb4 12. 0-0 Bxc3 13. Rxc3 a6 14. Bf4 Qd8 15. Be4 Rc8 16. Qg4 Nf6 17. Qf3 Nxe4 18. Qxe4 Qd5 19. Qe5 0-0 20. a3 Rfd8 21. Rc5 Qxe5 22. Bxe5 f6 23. Bg3 Rd5 24. Rfc1 Rxc5 25. Rxc5 Rd8 26. Kf1 Rd5 27. Rc2 Kf7 28. Ke2 Ke7 29. f3 Ba8 30. Bf2 Kf7 31. e4 Rd7 32. Rc5 Ke7 33. f4 Kf7 34. g4 g6 35. h4 h6 36. Ke3 Rd8 37. Kf3 Rd7 38. h5 g5 1/2-1/2

[Event "ROM-ch U14"]
[Site "Calimanesti Caciulata"]
[Date "2016.04.21"]
[Round "5"]
[White "Juravle, Mihnea Marian"]
[Black "Toma, Mihai Iulian"]
[Result "0-1"]
[WhiteElo "1830"]
[BlackElo "1561"]
[PlyCount "84"]
[EventDate "2016.04.18"]
[EventType "swiss"]
[EventRounds "9"]
[EventCountry "ROU"]
[SourceTitle "CBM 172 Extra"]
[Source "ChessBase"]
[SourceDate "2016.06.21"]
[SourceVersion "1"]
[SourceVersionDate "2016.06.21"]
[SourceQuality "1"]

1. e4 c6 2. d4 d5 3. e5 Bf5 4. h4 h6 5. g4 Bg6 6. h5 Bh7 7. f4 Be4 8. Nf3 e6 9. Bd3 Bxf3 10. Qxf3 Qb6 11. c3 Nd7 12. f5 exf5 13. Qxf5 Ne7 14. Qf2 0-0-0 15. Qxf7 c5 16. Qf2 cxd4 17. cxd4 Qb4+ 18. Nc3 Kb8 19. Bf4 Ka8 20. 0-0 Nc6 21. Nxd5 Qa5 22. Bc4 Nxd4 23. Rad1 Ne6 24. b4 Nxf4 25. bxa5 Nh3+ 26. Kg2 Nxf2 27. Rxf2 Bc5 28. Nc7+ Kb8 29. Ne6 Bxf2 30. Nxd8 Nxe5 31. Kxf2 Nxc4 32. Ne6 Rg8 33. a6 bxa6 34. Nf4 Rf8 35. Kg3 Ne3 36. Rd4 Nf1+ 37. Kh3 Re8 38. Ng6 Re2 39. g5 Rxa2 40. Kg4 Rg2+ 41. Kh4 hxg5+ 42. Kh3 Rg3# 0-1

[Event "ROM-ch U12"]
[Site "Calimanesti"]
[Date "2015.04.06"]
[Round "9"]
[White "Toma, Mihai Iulian"]
[Black "Ghimpu, Samuel Timotei"]
[Result "0-1"]
[WhiteElo "1573"]
[BlackElo "1551"]
[PlyCount "74"]
[EventDate "2015.03.30"]
[EventType "swiss"]
[EventRounds "9"]
[EventCountry "ROU"]
[SourceTitle "CBM 165 Extra"]
[Source "ChessBase"]
[SourceDate "2015.04.21"]
[SourceVersion "1"]
[SourceVersionDate "2015.04.21"]
[SourceQuality "1"]

1. e4 e6 2. d4 d5 3. e5 c5 4. c3 Nc6 5. Nf3 Qb6 6. Bd3 cxd4 7. cxd4 Bd7 8. Be2 Nge7 9. Nc3 Nf5 10. Nb5 a6 11. g4 axb5 12. gxf5 exf5 13. Be3 Bb4+ 14. Bd2 Bxd2+ 15. Qxd2 Qa5 16. Qxa5 Rxa5 17. Rg1 g6 18. Kd2 Ke7 19. a3 Rha8 20. Rac1 h6 21. Rc5 b4 22. axb4 Nxb4 23. Rc7 Rb8 24. e6 Kxe6 25. Ne5 Be8 26. Rgc1 Nc6 27. Nxc6 bxc6 28. R1xc6+ Bxc6 29. Rxc6+ Kd7 30. Rc2 Rc8 31. Rxc8 Kxc8 32. Bd3 Kc7 33. Kc3 Kd6 34. Kc2 f4 35. Be2 f5 36. Bd3 Ra1 37. Be2 Rh1 0-1

[Event "ROM-ch U12"]
[Site "Calimanesti"]
[Date "2015.03.31"]
[Round "2"]
[White "Isfan, Ioan Marius"]
[Black "Toma, Mihai Iulian"]
[Result "1-0"]
[WhiteElo "1773"]
[BlackElo "1573"]
[PlyCount "111"]
[EventDate "2015.03.30"]
[EventType "swiss"]
[EventRounds "9"]
[EventCountry "ROU"]
[SourceTitle "CBM 165 Extra"]
[Source "ChessBase"]
[SourceDate "2015.04.21"]
[SourceVersion "1"]
[SourceVersionDate "2015.04.21"]
[SourceQuality "1"]

1. c4 e5 2. Nc3 Nc6 3. Nf3 Nf6 4. g3 Bc5 5. Bg2 d6 6. d3 h6 7. 0-0 Be6 8. a3 a6 9. b4 Ba7 10. Nd2 0-0 11. b5 axb5 12. cxb5 Nd4 13. Bxb7 Rb8 14. Bg2 Nxb5 15. Nxb5 Rxb5 16. a4 Rb8 17. Ba3 Qd7 18. Rc1 Rfc8 19. Nc4 Bh3 20. Qc2 Bxg2 21. Kxg2 Nh5 22. Rb1 Qg4 23. e3 f5 24. Rxb8 Rxb8 25. Rb1 f4 26. Rxb8+ Bxb8 27. Qb3 f3+ 28. Kg1 Kh7 29. Nd2 Qc8 30. Nxf3 Ba7 31. Kg2 Nf6 32. Qf7 Bb6 33. Nh4 Qa8+ 34. e4 Qxa4 35. Nf5 Qd7 36. Ne7 Qe8 37. Qxe8 Nxe8 38. Nd5 Nf6 39. Nxb6 cxb6 40. Bxd6 Nd7 41. f4 exf4 42. gxf4 Kg8 43. f5 Nf6 44. Kf3 Ne8 45. Bb4 Kf7 46. e5 Nc7 47. Ke4 Na6 48. Bd6 b5 49. d4 b4 50. d5 b3 51. Kd3 h5 52. Kc3 b2 53. Kxb2 g5 54. fxg6+ Kxg6 55. Kc3 Kf7 56. Kc4 1-0

[Event "ROM-ch U12"]
[Site "Calimanesti"]
[Date "2014.04.11"]
[Round "7"]
[White "Toma, Mihai Iulian"]
[Black "Craciun, Alexandru Emilian"]
[Result "1/2-1/2"]
[WhiteElo "1564"]
[BlackElo "1712"]
[PlyCount "70"]
[EventDate "2014.04.06"]
[EventType "swiss"]
[EventRounds "9"]
[EventCountry "ROU"]
[SourceTitle "CBM 160 Extra"]
[Source "ChessBase"]
[SourceDate "2014.07.01"]
[SourceVersion "1"]
[SourceVersionDate "2014.07.01"]
[SourceQuality "1"]

1. d4 e6 2. c4 Nf6 3. Nf3 b6 4. g3 Bb7 5. Bg2 d5 6. cxd5 exd5 7. Nc3 Bd6 8. Ne5 0-0 9. f4 Ne4 10. Nxe4 dxe4 11. 0-0 c5 12. e3 cxd4 13. exd4 Bxe5 14. dxe5 Nd7 15. Be3 Qe7 16. Rc1 Rfd8 17. Rc7 Ba6 18. Re1 Qe8 19. Qa4 Nc5 20. Qxe8+ Rxe8 21. Bxc5 bxc5 22. Bxe4 Rad8 23. Rxc5 Rd2 24. Rc2 Red8 25. Rec1 R2d4 26. Bf3 h6 27. Be2 Bb7 28. Rc7 Rd2 29. R1c2 Be4 30. Rxd2 Rxd2 31. Bf1 Rxb2 32. Rxa7 Rb1 33. Ra3 Bd5 34. Rc3 Bxa2 35. Kf2 Be6 1/2-1/2

[Event "ROM-ch U12"]
[Site "Calimanesti"]
[Date "2014.04.10"]
[Round "6"]
[White "Codreanu, Alex Cosmin"]
[Black "Toma, Mihai Iulian"]
[Result "1/2-1/2"]
[WhiteElo "1685"]
[BlackElo "1564"]
[PlyCount "62"]
[EventDate "2014.04.06"]
[EventType "swiss"]
[EventRounds "9"]
[EventCountry "ROU"]
[SourceTitle "CBM 160 Extra"]
[Source "ChessBase"]
[SourceDate "2014.07.01"]
[SourceVersion "1"]
[SourceVersionDate "2014.07.01"]
[SourceQuality "1"]

1. d4 d5 2. c4 e6 3. Nc3 c5 4. e3 Nc6 5. cxd5 exd5 6. Nf3 Nf6 7. Be2 Bf5 8. a3 a6 9. 0-0 c4 10. Nh4 Bg6 11. Nxg6 hxg6 12. h3 Bd6 13. Rb1 Qd7 14. f4 b5 15. b3 Rb8 16. bxc4 bxc4 17. Rxb8+ Bxb8 18. Qa4 Qc8 19. Bf3 Qd7 20. Qxa6 0-0 21. Qb5 Rd8 22. a4 Bc7 23. Ba3 Rb8 24. Qc5 Qe8 25. Kf2 Bb6 26. Qf8+ Qxf8 27. Bxf8 Kxf8 28. Nxd5 Nxd5 29. Bxd5 Na5 30. Rc1 Rc8 31. Rc2 Ke8 1/2-1/2

[Event "ROM-ch U14"]
[Site "Calimanesti"]
[Date "2013.04.08"]
[Round "9"]
[White "Toma, Mihai Iulian"]
[Black "Dumitrescu, George Mihai"]
[Result "1/2-1/2"]
[WhiteElo "1380"]
[BlackElo "1615"]
[PlyCount "70"]
[EventDate "2013.04.02"]
[EventType "swiss"]
[EventRounds "9"]
[EventCountry "ROU"]
[SourceTitle "CBM 153 Extra"]
[Source "ChessBase"]
[SourceDate "2013.04.22"]
[SourceVersion "1"]
[SourceVersionDate "2013.04.22"]
[SourceQuality "1"]

1. e4 c5 2. Nf3 Nc6 3. d4 cxd4 4. Nxd4 Nf6 5. Nc3 e5 6. Nb3 Bb4 7. f3 0-0 8. Bd2 d6 9. a3 Bxc3 10. Bxc3 Be6 11. Bd3 Qb6 12. Rc1 Nh5 13. Bd2 Nf4 14. Bxf4 exf4 15. Qd2 Ne5 16. Be2 Nc6 17. Qd4 Qd8 18. 0-0 Qe7 19. Rfd1 Rfd8 20. Bc4 b6 21. Bd5 Rab8 22. c4 Qg5 23. Kh1 Ne7 24. Qf2 Bxd5 25. cxd5 Rbc8 26. Rxc8 Rxc8 27. Rc1 Rxc1+ 28. Nxc1 Ng6 29. Qc2 Qe7 30. Nb3 f5 31. Qc8+ Kf7 32. Qxf5+ Qf6 33. Qxf6+ Kxf6 34. Nd4 Ne5 35. Nb5 Nc4 1/2-1/2

[Event "ROM-ch U14"]
[Site "Calimanesti"]
[Date "2013.04.07"]
[Round "8"]
[White "Mamele, Stefan Bogdan"]
[Black "Toma, Mihai Iulian"]
[Result "0-1"]
[WhiteElo "1667"]
[BlackElo "1380"]
[PlyCount "120"]
[EventDate "2013.04.02"]
[EventType "swiss"]
[EventRounds "9"]
[EventCountry "ROU"]
[SourceTitle "CBM 153 Extra"]
[Source "ChessBase"]
[SourceDate "2013.04.22"]
[SourceVersion "1"]
[SourceVersionDate "2013.04.22"]
[SourceQuality "1"]

1. e4 e5 2. Nf3 Nf6 3. Nc3 Nc6 4. d4 exd4 5. Nxd4 Bb4 6. Bg5 d6 7. Bb5 Bd7 8. a3 Nxd4 9. Bxd7+ Qxd7 10. Qxd4 Bxc3+ 11. Qxc3 Qe7 12. Bxf6 gxf6 13. 0-0-0 0-0-0 14. Rhe1 Qe5 15. Qh3+ Qe6 16. Re3 Qxh3 17. Rxh3 Rde8 18. f3 h5 19. Rd5 Re5 20. Kd2 Kd7 21. Ke3 c6 22. Rd3 Ree8 23. f4 d5 24. Rd4 f5 25. e5 f6 26. Rg3 Reg8 27. Rxg8 Rxg8 28. Kf3 fxe5 29. fxe5 Ke6 30. Rh4 Rg5 31. g3 Kxe5 32. Rb4 b5 33. Rb3 Rg4 34. Rc3 Kd6 35. b3 a5 36. h3 Re4 37. Re3 Rxe3+ 38. Kxe3 Ke5 39. b4 d4+ 40. Kd3 a4 41. Kd2 Ke4 42. h4 f4 43. gxf4 Kxf4 44. Kd3 Ke5 45. Kd2 Kd5 46. Kd3 Ke5 47. Kd2 Kf4 48. Kd3 Kg4 49. Kxd4 Kxh4 50. Kc5 Kg5 51. Kxc6 h4 52. Kxb5 h3 53. c4 h2 54. c5 h1Q 55. c6 Qd5+ 56. Kb6 Kf5 57. b5 Ke6 58. Ka5 Kd6 59. Kxa4 Kc7 60. Ka5 Qc5 0-1

[Event "ROM-ch U14"]
[Site "Calimanesti"]
[Date "2013.04.05"]
[Round "6"]
[White "Ungureanu, Claudiu Constantin"]
[Black "Toma, Mihai Iulian"]
[Result "1-0"]
[WhiteElo "1625"]
[BlackElo "1380"]
[PlyCount "55"]
[EventDate "2013.04.02"]
[EventType "swiss"]
[EventRounds "9"]
[EventCountry "ROU"]
[SourceTitle "CBM 153 Extra"]
[Source "ChessBase"]
[SourceDate "2013.04.22"]
[SourceVersion "1"]
[SourceVersionDate "2013.04.22"]
[SourceQuality "1"]

1. d4 d5 2. e4 e6 3. e5 c5 4. c3 a6 5. Nf3 h6 6. Be2 Nc6 7. 0-0 Qb6 8. Bd3 c4 9. Bc2 Qc7 10. Bf4 b5 11. Nbd2 Nge7 12. Re1 Ng6 13. Bg3 Be7 14. Nf1 0-0 15. Ne3 Re8 16. Nd2 Bb7 17. f4 b4 18. Qh5 Nh8 19. Ng4 g6 20. Qxh6 f5 21. exf6 Bf8 22. Qg5 Qf7 23. Ne5 Nxe5 24. fxe5 a5 25. Nf3 Kh7 26. Qh4+ Kg8 27. Ng5 Qc7 28. f7+ 1-0